Franchise con maggiori incassi nella storia del cinema - Statistics

Statistiche generali
  • Questo quiz è stato fatto 38 volte
  • Il punteggio medio è 5 su 11
Statistiche sulle risposte
Incassi totali ($) Numero di film Franchise % Corretto
9 656 055 269 11 Mondo magico di Harry Potter
83%
29 730 234 635 33 Marvel Cinamatic Universe
77%
10 324 504 714 12 Star Wars
77%
6 754 514 016 14 DC Extended Universe
53%
7 836 485 924 27 James Bond
47%
7 333 501 354 11 Fast & Furious
33%
7 797 486 137 4 Avengers
30%
6 843 842 452 17 Batman
20%
6 006 943 987 6 Jurassic Park
17%
10 509 623 572 13 Spider-Man
17%
6 084 116 741 13 X-Men
10%
Nessun quiz corrispondente trovato
Distribuzione punteggi
Percentuale di utenti per punteggio
Percentile per numero di risposta
I tuoi punteggi nel tempo
Non hai fatto questo quiz